000 02083cam a22004574i 4500
003 PE-LiUPU
005 20250731173005.0
008 150623s r 000 0 d
020 _a0802844952
035 _a(Sirsi) i9780802844958
040 _aPE-LiUPU
_bspa
_cPE-LiUPU
_erda
049 _aPRUA
082 0 4 _a291.630 04
_bE11
_221
100 1 _aEaton, John,
_d1927-,
_eautor.
245 1 0 _aMysterious messengers :
_ba course on Hebrew prophecy from Amos onwards /
_cJohn Eaton.
264 1 _aGrand Rapids, Michigan :
_bWillam B. Eerdmans Publishing Company,
_c1997.
300 _a214 páginas ;
_c23 centímetros
336 _atext
_2rdacontent
337 _aunmediated
_2rdamedia
338 _avolume
_2rdacarrier
504 _aIncluye Bibliografía.
505 0 _aThe setting and nature of Hebrew Prophecy.- Great Crisis -Great Prophets.- The poetry and Patterns of Prophecy.- Favourite Themes and Words.- Amos - The Lion`s Roar.- Hosea - Prophet of Divine compassion.- Micah - Scourge of Corruption, Fountain of Hope.- Isaiah - The Greatest.- Zephaniah, Habakkuk, Nahum - Vision in Worship.- Jeremiah - The Cost of Prophecy.- Ezekiel - A Priest Swept by the Spirit.- Seacond Isaiah - A New Song for the Dawn.- Haggai, Third Isaiah, Malachi - Courage to Rebuild.- Obadiah, Joel, Zechariah, Jhonah - Varieties of Service.- Daniel - Visions of the New Age.
526 _aSEG42
526 _aSEG41
526 _aSEG40
526 _aSEG39
526 _aP94
526 _aP87
526 _aP86
526 _aP85
526 _aP77
526 _aP76
526 _aP35
630 _aBiblia.
_pA.T.
_pProfetas
_xEstudio y enseñanza.
942 _2ddc
_cBOOK
949 _a291.630 04 E11
_wDEWEY
_c1
_i45656
_lCCODEBUL1
_mBUL
_r0
_sY
_tBOOK
_u2015-6-24
_xTEOLOGIA
_PP35
_0COMPRA
_o.STAFF. Colección General
994 _aC0
_bPEPRU
596 _a1
999 _a291.630 04 E11
_wDEWEY
_c22532
_i45656
_f2021-11-11
_g5
_lCCODEBUL1
_mBUL
_r0
_sY
_tBOOK
_u2015-6-24
_xTEOLOGIA
_PP35
_0COMPRA
_o.STAFF. Colección General
_d22532
980 _81
_gALBERTO SANCHEZ Responsable de Automatización